| 000 | 01095nam a22002057a 4500 | ||
|---|---|---|---|
| 999 |
_c19193 _d19193 |
||
| 005 | 20251125232914.0 | ||
| 008 | s2545 th tha d | ||
| 040 | _aNALT | ||
| 041 | _atha | ||
| 245 | 1 | 0 | _aพระราชบัญญัติคณะกรรมการสิทธิมนุษยชนแห่งชาติ พ.ศ.2542 |
| 260 | 3 |
_aกรุงเทพฯ : _bสำนักงานคณะกรรมการสิทธิมนุษยชนแห่งชาติ, _c2545 |
|
| 300 |
_a27 หน้า ; _b 21 ซม. |
||
| 650 | 0 | 4 | _aคณะกรรมการสิทธิมนุษยชนแห่งชาติ -- กฎหมายและระเบียบข้อบังคับ |
| 650 | 0 | 4 | _aคณะกรรมการสิทธิมนุษยชนแห่งชาติ (พ.ร.บ.) -- 2542 |
| 850 | _aNALT | ||
| 856 | 4 | 0 |
_uhttps://hdl.handle.net/20.500.14156/486868 _71 |
| 942 |
_cLB _2lcc |
||
| 998 |
_j25 _k นีลวัสน์ อินทรักษา |
||
| 090 | _aKE144 ค123พ 2545 | ||